Sociología fundamental
Gespeichert in:
| 1. Verfasser: | |
|---|---|
| Format: | Buch |
| Sprache: | Spanisch |
| Veröffentlicht: |
Barcelona
Gedisa
1982
|
| Ausgabe: | 1a. ed |
| Schriftenreihe: | Mediaciones, 3
|
| Schlagworte: | |
| Tags: |
Tag hinzufügen
Keine Tags, Fügen Sie den ersten Tag hinzu!
|
MARC
| LEADER | 00000nam a2200000 a 4500 | ||
|---|---|---|---|
| 001 | UCJ9212 | ||
| 003 | CL-VaPUC | ||
| 008 | 070309e19820000SP |||||||||||||||||spa|d | ||
| 020 | |a 8474321549 | ||
| 082 | 0 | 4 | |a 301 |b ELI |2 21 |
| 100 | |a Elías, Norbert |d 1897-1990 |e author |9 471103 | ||
| 245 | 1 | 0 | |a Sociología fundamental |
| 250 | |a 1a. ed | ||
| 300 | |a 216 p | ||
| 942 | |c BK | ||
| 945 | |d 20070309 00:00:00 |a jtorresc | ||
| 260 | |a Barcelona |b Gedisa |c 1982 | ||
| 500 | |a Donación del Dr. Luis Gómez Macker | ||
| 650 | 0 | |a Sociología |9 255410 | |
| 650 | 0 | |a Cambio social |9 256857 | |
| 650 | 0 | |a Interacción social |9 307764 | |
| 650 | 0 | |a Teoría de juegos |9 263826 | |
| 650 | 7 | |a DISTANCIAMIENTO |2 CL-VaPUC |9 519135 | |
| 650 | 7 | |a MONOPOLIZACION |2 CL-VaPUC |9 519136 | |
| 650 | 0 | |a Movilidad social |9 315088 | |
| 583 | |a last modification |c 20070309 00:00:00 |k Rodrigo Vera | ||
| 490 | 0 | |a Mediaciones, 3 | |
| 999 | |c 324798 |d 324796 | ||
| 952 | |0 0 |1 0 |4 0 |6 301_000000000000000_ELI_1982 |7 0 |8 A |9 405162 |a FDOPOS |b FDOPOS |d 2019-11-22 |i 4269357 |o 301 ELI 1982 |p 4269357 |r 2025-01-22 |w 2019-11-22 |y BK |k MLA | ||